[Event "RUS-chT 17th"]
[Site "Dagomys"]
[Date "2010.04.01"]
[Round "1"]
[White "Ponkratov, Pavel"]
[Black "Bryzgalin, Kirill"]
[Result "1-0"]
[WhiteElo "2593"]
[BlackElo "2506"]
[Annotator "Ftacnik,L"]
[PlyCount "59"]
[EventDate "2010.04.01"]
[EventType "team-tourn"]
[EventRounds "9"]
[EventCountry "RUS"]
[SourceTitle "EXT 2020"]
[Source "ChessBase"]
[SourceDate "2019.10.17"]
[SourceVersion "1"]
[SourceVersionDate "2019.10.17"]
[SourceQuality "1"]
[WhiteTeam "Sverdlovsk Ural region"]
[BlackTeam "Belgorod BelGu"]
[WhiteTeamCountry "RUS"]
[BlackTeamCountry "RUS"]

1. e4 c5 2. Nf3 Nc6 3. d4 cxd4 4. Nxd4 Qc7 5. Nc3 e6 6. Be3 Nf6 7. f4 d6 8. Be2
a6 9. O-O Be7 10. Qe1 O-O 11. Qg3 Bd7 12. Rae1 Nxd4 13. Bxd4 Bc6 14. Kh1 b5 15.
Bd3 {Many games have seen the automatic reaction to the advance of the b-pawn
in form of the seemingly logical move 15.a3. On the other hand, in sharp
positions the possible saving of a tempo should represent a very attractive
proposition for the first player.} (15. a3) 15... g6 (15... b4 16. Nd1 (16. e5
dxe5 (16... Nh5 17. Qh3 g6 18. Ne4 Bxe4 19. Rxe4 d5 20. Re2 Bc5 21. Bxc5 Qxc5
22. g4 Ng7 23. f5 exf5 24. gxf5 Rfe8 (24... Qd4 25. Rg1 $14) 25. e6 $18 {
1-0 Espig,L (2435)-Hesse,P (2385)/Groeditz 1976 (33)}) 17. Bxe5 Qb7 18. Ne4 Nh5
19. Qh3 f5 20. Nd6 Bxd6 21. Bxd6 Rf6 22. Bc4 Rg6 23. Rf2 Re8 24. Ree2 Nf6 25.
Rxe6 Bd5 26. Rxe8+ Nxe8 27. Qxf5 Rxd6 $19 {0-1 Bellon Lopez,J (2415)-Hernandez
Onna,R (2435)/Las Palmas 1977 (52)}) 16... g6 17. Nf2 Nh5 18. Qe3 e5 19. fxe5
dxe5 20. Bb6 Qc8 21. Bc5 Qc7 22. Ng4 Bb5 23. Bxe7 Qxe7 24. Bxb5 axb5 25. Qb3
$11 {1/2-1/2 Smirin,I (2654)-Grigoriants,S (2592)/Moscow 2007 (29)}) 16. f5
$146 {[%mdl 4] The concept of a novelty in well known schemes is a bit of a
relative idea. The attacking motif with the advance of the f-pawn is notorious,
but in this very position it had not yet been tried in the games I could find.}
(16. e5 Nd7 (16... Nh5 17. Qh3 Qb7 18. Ne4 Bxe4 19. Bxe4 d5 20. Bd3 Ng7 21. Re3
f5 22. Qh6 Rf7 23. Rh3 Ne8 24. Rff3 Bf8 25. Qh4 $14 {1/2-1/2 Coste,T (2137)
-Vasilescu,V (2190)/France 2005 (44)}) (16... dxe5 17. Bxe5 Qb7 18. Re2 Rfd8
19. a3 Nh5 20. Qe3 Qa7 21. Qh3 Nf6 22. f5 exf5 23. Bxf5 $16 {1-0 Blomqvist,E 
(2313)-Andersen,M (2070)/Copenhagen 2007 (27)}) 17. Ne4 dxe5 18. fxe5 Bxe4 19.
Bxe4 Rad8 20. c3 Bc5 21. Qe3 Rfe8 22. Bb1 Bxd4 23. cxd4 {1/2-1/2 Teschner,R 
(2330)-Benedetti,F (2265)/Rome 1986 (36)}) (16. Qh3 Rad8 (16... e5 17. fxe5
dxe5 18. Qg3 Nd7 19. Be3 Nf6 20. Bh6 Nh5 21. Qf2 Ng7 22. Nd1 Qd8 23. Ne3 Bh4
24. g3 Be7 $11 {1/2-1/2 Wang Pin (2450)-Sziva,E (2295)/Elista 1998 (41)}) 17.
e5 dxe5 18. Bxe5 Qb7 19. Re3 Nh5 20. Ne4 f5 21. Ng5 {1/2-1/2 Mahdi,K (2400)
-Sommerbauer,N (2395)/Moesern 1997}) 16... e5 17. Be3 b4 {Pokratov is
obviously optimally mobilised, but Black would be hard pressed to find an
alternative to the immediate conflict in the centre.} (17... Rab8 18. Bh6 Rfe8
19. fxg6 hxg6 20. Nd5 Bxd5 21. exd5 Nh5 22. Qf3 Bd8 23. g4 $16) 18. Nd1 Bxe4 (
18... Nxe4 19. Bxe4 Bxe4 20. f6 Bd8 21. Qh4 (21. Bh6 Qc6 22. Bxf8 Kxf8 23. Qg5
Ke8 24. Ne3 $14) 21... Qc6 22. Qh6 Bxg2+ 23. Kg1 Bxf6 24. Rxf6 $14) 19. fxg6 $1
{The aggressor has no grounds for waiting with his attack, since all his
pieces are in firing locations. Breaking through the compact defence for Black
will require fantasy and a clever idea.} hxg6 (19... fxg6 $5 20. Rxf6 Bxg2+ 21.
Qxg2 Bxf6 22. Nf2 $14) (19... Bxg6 20. Bh6 Rfe8 21. Ne3 Bd8 22. Ng4 Nxg4 23.
Qxg4 d5 24. h4 $16) 20. Rxf6 Bxd3 (20... Bxf6 21. Bxe4 Rac8 22. Rf1 Bg7 23. Qf3
$16) 21. Bg5 $1 {White is making no secrets about his plan to finish the
encounter with the help of a direct kingside attack.} Qd8 (21... Qxc2 22. Rf2
$18) (21... Bxc2 22. Ne3 Be4 23. Ng4 Qc6 24. Qh4 Bxg2+ 25. Kg1 Bd8 26. Nh6+ Kg7
27. Nf5+ Kg8 (27... gxf5 28. Bh6+ Kh8 29. Be3+ Kg8 30. Qg5+ Kh8 31. Rh6#) 28.
Rxd6 $1 Bb6+ 29. Re3 Qc1+ 30. Kxg2 Qc2+ 31. Kg3 Qxf5 32. Rxb6 $18) 22. Qh4 Bc4
(22... Bxc2 23. Ne3 Bd3 (23... Be4 24. Ng4 $18) 24. Nd5 $18) 23. Ne3 (23. Nf2
$1 Qc7 24. Ng4 Be6 25. Nh6+ Kg7 26. Rxe6 Bxg5 (26... fxe6 27. Bxe7 $18) 27.
Nf5+ Kg8 28. Qxg5 fxe6 29. Qxg6+ Kh8 30. Re4 $18) 23... Be6 (23... d5 $2 24.
Nf5 $1 gxf5 25. Qg3 $18) 24. Ref1 {The logical plan behind White's use of his
forces is bringing rich rewards. Black's king must be worried for its life
also due to the vulnerability of the semi-open h-file.} (24. Rxg6+ $6 fxg6 25.
Bxe7 Qc7 26. Bxf8 Rxf8 27. Qxb4 d5 $11) 24... Qd7 (24... Rc8 25. R1f3 b3 (25...
e4 26. Qxe4 Bxf6 27. Bxf6 Qa5 28. g4 Qc5 (28... Rc5 29. Rh3 Rh5 30. gxh5 Bxh3
31. Nd5 $18)) 26. axb3 e4 27. R3f4 Qa5 28. Qh6 Qe1+ 29. Rf1 Qe2 30. g4 Qb5 31.
Rxg6+ fxg6 32. Qxg6+ Kh8 33. Qh6+ Kg8 34. Qxe6+ Kh8 35. Qh6+ Kg8 36. Qg6+ Kh8
37. Bf6+ Bxf6 38. Rxf6 Rxf6 39. Qxf6+ Kh7 40. g5 $18) 25. R1f3 Rfb8 (25... Rac8
26. g4 $1 Qb7 27. Kg1 $18) 26. Ng4 $1 {The active participation of the knight
from c3 in the hunt for the black king is usually a very bad sign for the
defender. Please note the absence of the black rooks from the battlefield.}
Bxg4 (26... e4 27. Rh3 Bxf6 28. Nxf6+ Kf8 29. Qh8+ Ke7 30. Nd5#) 27. Rxf7 Bh5 (
27... Bxg5 28. Qh7#) 28. Rxe7 Qc6 (28... Qxe7 29. Bxe7 Bxf3 30. gxf3 $18) 29.
Rff7 Qxc2 30. Be3 {White will do his best to shorten the enemy's suffering in
a direct mating attack, but first he needs to worry about the safety of his
own king...} (30. Be3 Qf5 31. Rg7+ Kf8 (31... Kh8 32. Rh7+ Kg8 33. Reg7+ Kf8
34. Qe7#) 32. Qc4 $18) 1-0

[Event "RUS-ch 53rd"]
[Site "Samara"]
[Date "2000.06.23"]
[Round "7"]
[White "Varavin, Viktor"]
[Black "Tunik, Gennady"]
[Result "0-1"]
[WhiteElo "2410"]
[BlackElo "2442"]
[Annotator "Ftacnik,L"]
[PlyCount "80"]
[EventDate "2000.06.03"]
[EventType "swiss"]
[EventRounds "11"]
[EventCountry "RUS"]
[SourceTitle "CBM 078"]
[Source "ChessBase"]
[SourceDate "2000.10.18"]
[SourceVersion "1"]
[SourceVersionDate "2000.10.18"]
[SourceQuality "1"]

1. e4 c5 2. Nf3 e6 3. d4 cxd4 4. Nxd4 Nc6 5. Nc3 Qc7 6. Be2 a6 7. O-O Nf6 8.
Be3 Be7 9. f4 d6 10. a4 O-O 11. Kh1 Re8 12. a5 $5 {[%mdl 4] This dangerous
opening idea is creeping in as a remainder, that not everything is clear in
the extremely often played position after 11...Re8.} Nxa5 13. e5 $1 dxe5 14.
fxe5 Nd7 15. Bd3 g6 (15... Nxe5 16. Bf4 f5 17. Qe2 Bd6 18. Ndb5 $1 axb5 19.
Nxb5 Qd7 20. Nxd6 Qxd6 21. Bxe5 $16) 16. Qf3 {Due to the misplaced knight on
a5 white has won time to prove, that black uncoordinated and underdeveloped
pieces offer ample compensation for th sacrificed pawn.} Rf8 17. Qg3 Nc6 (17...
Nxe5 18. Bf4 f6 19. Bxg6 hxg6 20. Bxe5 fxe5 21. Qxg6+ Kh8 22. Rf3 Rxf3 23. gxf3
Bf8 24. Qh5+ Qh7 25. Qxe5+ Bg7 26. Qxa5 $14) 18. Nxc6 bxc6 (18... Qxc6 19. Bh6
Rd8 20. Bg5 $40) 19. Bf4 Nc5 (19... Bb7 20. Ne4) 20. b4 Nxd3 21. cxd3 c5 (21...
Bxb4 $2 22. Ne4 Rd8 23. Qh4 $16) 22. Ne4 Bb7 (22... cxb4 23. Bh6 Bb7 (23... Rd8
24. Qf3 $18) 24. Bxf8 Rxf8 25. Rfc1 Qd7 26. Nf6+ Bxf6 27. exf6 Qd4 $13) 23.
Nf6+ (23. Nxc5 Bxc5 24. Rfc1 f5 25. Rxc5 (25. exf6 Bxg2+ 26. Kxg2 Qb7+ $15)
25... Qd7 26. Rac1 $14) 23... Bxf6 (23... Kh8 24. Qh4 h5 25. Qg5 $18) 24. exf6
Qc6 {Black is surviving, but his approach is hardly a refutation of the
intriguing 12.a5!? idea.} 25. Rf3 (25. bxc5 Rfd8 (25... Qxc5 $2 26. Bd6 $16)
26. Bd6 a5 27. Rf2 $14) 25... Qd5 26. Re1 (26. bxc5 Qxc5 27. Bd6 Qb5 28. Bxf8
Bxf3 29. Bd6 Bb7 $17) 26... Kh8 (26... cxb4 $5 27. Bd6 (27. Be5 Rfd8 28. Qg5
Qc5 29. Rc1 Qf8 30. Rh3 Rac8 $17) 27... Rfc8 28. Bxb4 Qb5 29. Qf4 Qh5 (29...
Bxf3 $2 30. Qh6 Bxg2+ 31. Kxg2 Qd5+ 32. Re4 $16) 30. Rf2 a5 $17) 27. Be5 (27.
bxc5 Rfc8 28. Bd6 a5 29. Qh4 Qh5 $13) 27... g5 28. bxc5 (28. Qxg5 Rg8 29. Qe3
cxb4 $19) 28... Rg8 29. Rb1 $2 {This blunder finally gives black all the
chances with his dangerous passed pawn on the a file.} (29. d4 a5 30. Ra3 Bc6
$13) 29... Qxc5 30. d4 (30. Rxb7 $2 Qc1+ $19) 30... Qc2 31. Rff1 Bd5 32. Rbc1
Qe2 33. Rfe1 Qh5 34. Rc7 Rgc8 35. Qc3 (35. Rc5 a5 36. Rec1 Rxc5 37. dxc5 a4 $17
) 35... Rxc7 36. Qxc7 h6 37. Qe7 Kg8 38. Rg1 a5 39. Bc7 a4 40. Bd6 Qg4 (40...
Qg4 41. Bc5 (41. Qc7 a3 $19) 41... Rb8 42. Bb4 Qxd4 $19) 0-1

[Event "EU-ch 2nd"]
[Site "Ohrid"]
[Date "2001.06.13"]
[Round "12"]
[White "Zelcic, Robert"]
[Black "Stefansson, Hannes"]
[Result "1-0"]
[WhiteElo "2503"]
[BlackElo "2570"]
[Annotator "Ftacnik,L"]
[PlyCount "79"]
[EventDate "2001.06.01"]
[EventType "swiss"]
[EventRounds "13"]
[EventCountry "YUG"]
[SourceTitle "CBM 084"]
[Source "ChessBase"]
[SourceDate "2001.09.13"]
[SourceVersion "1"]
[SourceVersionDate "2001.09.13"]
[SourceQuality "1"]

1. e4 c5 2. Nf3 e6 3. d4 cxd4 4. Nxd4 Nc6 5. Nc3 Qc7 6. Be2 a6 7. O-O Nf6 8.
Kh1 Be7 9. f4 d6 10. Be3 O-O 11. a4 Re8 12. Bf3 Bf8 13. Nb3 b6 14. a5 Nd7 15.
axb6 Nxb6 16. Nb5 axb5 17. Bxb6 Qb7 18. Rxa8 Qxa8 19. Qe2 (19. Qd3 b4 (19... e5
20. f5 Nb4 21. Qe2 Qc6 22. Ba5 Qxc2 23. Bxb4 Qxb3 24. Qxb5 Re7 {1/2-1/2
Yagupov,I-Najer,E/St Petersburg/1999/ (27)}) 20. Ra1 Qb8 21. Be3 Bb7 22. Nd2
Qc7 {1/2-1/2 Brodsky,M-Hracek,Z/Koszalin/1999/ (22)} (22... Qc7 23. Nc4 Ra8 24.
Rxa8 Bxa8 25. Nb6 Bb7 {1/2-1/2 Babaev,R-Ulibin,M/Barlinek/2001/ (60)})) (19.
Qd2 e5 20. f5 Kh8 21. Be3 Rd8 22. Ra1 Qb7 23. Qd5 Nb4 24. Qxb7 Bxb7 25. Ra7 {
1-0 Areshchenko,A-Baramidze,D/Oropesa del Mar 2000/ (50)}) 19... Bd7 (19... b4)
20. Ra1 Qb7 21. Bf2 g6 {This line has a solid reputation for black, but there
is lot of play in it.} (21... Ra8 22. Rxa8 Qxa8 23. Qxb5 Ne5 24. Qa5 Qxa5 25.
Nxa5 Nxf3 26. gxf3 d5 27. c3 Bb5 28. Kg2 $14) 22. h3 Qc7 23. Qd2 (23. Qxb5 Nd4
24. Qd3 Qxc2 25. Qxc2 Nxc2 26. Ra7 Rb8 $13) 23... e5 24. f5 gxf5 $5 (24... Rc8
25. fxg6 hxg6 26. Be2 $14) 25. Qg5+ Bg7 (25... Kh8 26. exf5 e4 27. Be2 $14) 26.
exf5 h6 27. Qh5 (27. Qg4 Ne7 28. Ra7 Qc8 $17) 27... e4 28. Be2 (28. Bg4 Bxb2
29. Re1 Bg7 $17) 28... d5 29. Be3 $6 {This must be tactical inaccuracy, since
the bishop will immediately retrace it's steps.} (29. c3 $1 $15) 29... Qg3 30.
Bg1 (30. Bxh6 Bxb2 31. Rd1 Be5 32. Kg1 Nb4 33. Qg5+ Qxg5 34. Bxg5 f6 $17) 30...
Bxb2 31. Ra6 Ne7 32. Bg4 $2 (32. Ra7 $1 Bc6 (32... Bxf5 33. Bxb5 Bg6 34. Qe2
$14) 33. Na5 Qc3 34. Qxh6 Nxf5 35. Qf4 Re5 36. Bg4 Qg3 37. Qg5+ Ng7 38. Qf6 Be8
39. Nc6 Rh5 40. Qxb2 Qxg4 $11) 32... e3 (32... Rc8 33. c3 Bxc3 34. Ra7 Rc7 35.
Rxc7 Qxc7 36. Qxh6 Nxf5 $19) 33. Rxh6 Nxf5 $1 (33... Bg7 34. f6 Bxg4 35. Qg5
Nf5 36. fxg7 Nxg7 (36... Nxh6 37. Qxh6 f6 38. Qh8+ Kf7 39. Qxe8+ $18) 37. Nc5
e2 38. Nd3 e1=Q 39. Nxe1 Rxe1 40. hxg4 Qc3 $15) 34. Bxf5 e2 $2 {[%mdl 8192]
One slip in a dangerous position can be very costly, black misses a nice
combination.} (34... Bxf5 $1 35. Qxf5 (35. Qe2 Be5 $19) 35... e2 36. Qh7+ Kf8
37. Bc5+ Re7 38. Re6 e1=Q+ 39. Rxe1 Qxe1+ 40. Kh2 Be5+ $19) 35. Rh8+ $1 Bxh8 (
35... Kg7 36. Qh6#) 36. Qh7+ Kf8 37. Bc5+ Re7 38. Qxh8+ Qg8 39. Bxe7+ Kxe7 40.
Qe5+ (40. Qxg8 $2 e1=Q+ 41. Kh2 Qe5+ 42. Qg3 Qxf5 43. Nc5 $14) 1-0

[Event "EU-ch 2nd"]
[Site "Ohrid"]
[Date "2001.06.14"]
[Round "13"]
[White "Acs, Peter"]
[Black "Kempinski, Robert"]
[Result "0-1"]
[WhiteElo "2509"]
[BlackElo "2582"]
[Annotator "Ftacnik,L"]
[PlyCount "74"]
[EventDate "2001.06.01"]
[EventType "swiss"]
[EventRounds "13"]
[EventCountry "YUG"]
[SourceTitle "CBM 084"]
[Source "ChessBase"]
[SourceDate "2001.09.13"]
[SourceVersion "1"]
[SourceVersionDate "2001.09.13"]
[SourceQuality "1"]

1. e4 c5 2. Nf3 d6 3. d4 cxd4 4. Nxd4 Nf6 5. Nc3 a6 6. Be2 e6 7. O-O Be7 8. f4
Qc7 9. Kh1 O-O 10. a4 Nc6 11. Be3 Re8 12. Bf3 Na5 13. g4 Nc4 14. Bc1 Bf8 15. g5
Nd7 16. Bg2 b6 (16... Rb8 17. b3 Na5 18. Bb2 b6 19. Rf3 Bb7 20. Rh3 g6 21. Qd2
Rbc8 22. Qf2 Bg7 23. Rd1 Qc5 {0-1 Heumann,J-Pasedag,P/Bayern/1997/ (47)}) (
16... g6 17. Nde2 b6 18. b3 Na5 19. Bb2 Bb7 20. Qd4 Qc5 21. Qd3 Rad8 22. Rad1
Nc6 {1/2-1/2 Kuczynski,R-Kempinski,R/Germany/1998/ (43)}) 17. Nde2 (17. b3 Ne3
18. Bxe3 Qxc3 19. Bg1 Bb7 20. Rf3 Qc7 21. Rh3 g6 22. Qe1 Bg7 23. Qh4 Nf8 24. c4
e5 25. fxe5 Rxe5 {0-1 Prasad,D-Novikov,I/Koszalin/1998/ (58)}) 17... Bb7 18. b3
Na5 19. Bb2 Nc6 20. Qe1 (20. Nd4 Rac8 $11) 20... Nb4 21. Qh4 {Something went
wrong with the white's opening concept, since this move sacrifices lot's of
material in an attempt to prove the dangers of white's kingside attack.} (21.
Rc1 d5 $1 22. e5 (22. exd5 Nxd5 23. Nxd5 Bxd5 24. Bxd5 exd5 $15) 22... Bc5 $15)
21... Nxc2 22. Rf3 (22. Rac1 Ne3 23. Nd5 Nxg2 24. Kxg2 Qd8 $17) 22... Nxa1 23.
Rh3 f6 $1 (23... h6 24. gxh6 Qd8 $5 (24... Nc2 25. hxg7 Bxg7 26. Nd5 $18) (
24... gxh6 25. Rg3+ Kh7 26. Bxa1 Rac8 $17) 25. hxg7 Qxh4 26. gxf8=Q+ Kxf8 27.
Rxh4 Nxb3 $19) 24. Qxh7+ Kf7 25. Bxa1 (25. g6+ Ke7 26. Bxa1 Qc5 $17) 25... Qc5
26. Bb2 Ke7 {[%mdl 256] Black king is reasonably safe, but the game is not
over. Kempinski has to improve his pieces and realize his spare exchange.} 27.
Qg6 (27. gxf6+ Nxf6 28. Qg6 Qf2 29. Rf3 Qe1+ 30. Rf1 Qh4 $17) 27... Kd8 28.
gxf6 gxf6 29. Rh7 (29. Rd3 Rc8 (29... Qb4 30. Nd4 Nc5 (30... e5 31. fxe5 fxe5 (
31... dxe5 32. Ndb5 axb5 33. Qxf6+ Kc8 34. Rxd7 Kxd7 35. Bh3+ Kc7 36. Nxb5+ $16
) 32. Ne6+ Rxe6 33. Qxe6 Nc5 34. Qf6+ Be7 35. Rxd6+ Nd7 36. Rxd7+ Kxd7 37. Bh3+
Kd8 38. Qh8+ Kc7 39. Qxe5+ Bd6 $15) 31. Rd1 Nxb3 32. Nxe6+ Rxe6 33. Qf7 Nc5 34.
Qxf8+ Kc7 35. Qf7+ Kb8 36. Rb1 $15) 30. Nd4 e5 31. fxe5 dxe5 32. Nf3 Rc6 $17)
29... Qf2 30. h3 Re7 31. Rxe7 (31. Rh8 Rc8 $19) 31... Bxe7 32. Qf7 Rc8 33. Qxe6
(33. Qg8+ Nf8 34. Qg3 Qxg3 35. Nxg3 Ng6 $19) 33... Rxc3 $1 {Black wins
material and reduces number of attackers.} 34. Bxc3 (34. Nxc3 Qxb2 $19) 34...
Qxe2 35. Qg8+ Kc7 36. Qe6 Qe3 37. Bb4 Qc1+ (37... Qc1+ 38. Kh2 Qxf4+ 39. Kh1
Qe5 $19) 0-1

[Event "Foros Aerosvit 3rd"]
[Site "Foros"]
[Date "2008.06.15"]
[Round "7"]
[White "Jakovenko, Dmitrij"]
[Black "Van Wely, Loek"]
[Result "1-0"]
[WhiteElo "2711"]
[BlackElo "2677"]
[Annotator "Ftacnik,L"]
[PlyCount "105"]
[EventDate "2008.06.08"]
[EventType "tourn"]
[EventRounds "11"]
[EventCountry "UKR"]
[EventCategory "19"]
[SourceTitle "CBM 125"]
[Source "ChessBase"]
[SourceDate "2008.07.30"]
[SourceVersion "1"]
[SourceVersionDate "2008.07.30"]
[SourceQuality "1"]

1. e4 c5 2. Nf3 d6 3. d4 cxd4 4. Nxd4 Nf6 5. Nc3 a6 6. Be2 e6 7. a4 Nc6 8. O-O
Be7 9. Be3 O-O 10. f4 Qc7 11. Kh1 Re8 12. Bf3 Bd7 13. Nb3 b6 14. g4 Bc8 15. Bg2
Bb7 16. g5 Nd7 17. Rf3 {The whole strategical idea of the white kingside
attack is very well known. Black believes he has enough counterplay with his
flexible pieces and pawn structure.} Bf8 18. Rh3 g6 19. Qe1 Nb4 20. Qf2 Bg7 21.
Rf1 {Jakovenko is very well informed about the intricacies of this complex
system. He cleverly finished development of all reserves and it is not easy
for the defender to avert all dangers.} Re7 (21... Rad8 22. Bd4 Bxd4 23. Nxd4
Qc5 {1-0 Pavlovic,M (2593)-Ribli,Z (2593)/Celje 2003}) (21... Rac8 22. Bd4 Qc4
23. Bxg7 Kxg7 24. Rd1 e5 25. fxe5 Nc6 26. exd6 Re5 27. Nd2 Qb4 28. Rxh7+ Kxh7
29. Qxf7+ Kh8 30. Qxd7 {1-0 Nielsen,P (2420)-Van Wely,L (2560)/Tastrup 1992 
(35)}) 22. Bd4 (22. Qh4 Nf8 {1/2 De Firmian,N (2575)-Van Wely,L (2645)/New
York 1997}) 22... e5 23. fxe5 Bxe5 $1 $146 {[%mdl 4] Van Wely probably knew
about the modest results Black players were achieving in this line. The
novelty seems to be solving some problems.} (23... dxe5 24. Be3 Rd8 25. a5 bxa5
26. Nc5 Nf8 27. Nxb7 Qxb7 28. Bb6 Rb8 29. Bxa5 Nc6 30. b4 Ne6 31. Qh4 Nxa5 32.
bxa5 Nf4 33. Qxh7+ Kf8 34. Nd5 $16 {1/2 Grischuk,A (2717)-Rublevsky,S (2680)/
Elista 2007 (49)}) 24. Bxe5 dxe5 (24... Nxe5 $6 25. Qh4 h5 26. gxh6 Kh7 27. Nd4
$16) 25. Rf3 Nf8 26. a5 $1 {The undermining of the pawn structure on the
queenside would not be so strong later on.} (26. Rf6 Ne6 27. a5 bxa5 28. Nd5
Nxd5 29. exd5 Nf4 30. d6 Nxg2 $1 31. Kg1 Nf4 32. Rxf4 (32. dxc7 $4 Nh3#) 32...
Qc6 $17) 26... bxa5 (26... b5 27. Bh3 Bc8 28. Nc5 Bxh3 29. Rxh3 Qxa5 30. Nd3
Nxd3 31. cxd3 Rd8 32. Qf6 Rdd7 33. Nd5 $16) 27. Nxa5 Rb8 (27... Qxa5 28. Rxf7
Qd8 (28... Rxf7 29. Qxf7+ Kh8 30. Qxb7 Re8 31. Bh3 $18) 29. Qf6 Rxf7 30. Qxf7+
Kh8 31. Qxb7 Nxc2 32. Nd5 $18) 28. Nxb7 Qxb7 (28... Rxb7 29. Bh3 $14) 29. Rf6
Qa7 $1 {The Dutch player understands very well that after the exchange of the
queens, his opponent will have bigger problems to tame down the counterplay
against all his exposed pawns.} 30. Nd5 Nxd5 31. Qxa7 (31. exd5 Qxf2 32. R1xf2
Rxb2 (32... e4 33. c4 a5 $14) 33. d6 Rb1+ 34. Rf1 Rxf1+ 35. Rxf1 Rd7 36. Rd1
Rd8 37. Bh3 h6 38. gxh6 f5 $13) 31... Rxa7 32. exd5 Rxb2 33. d6 Ne6 34. Bd5 (
34. Bh3 Nxg5 35. d7 Rb8 36. Rc6 Rd8 37. Rc8 Ra8 38. Rd1 Nxh3 39. Rxa8 Rxa8 40.
d8=Q+ Rxd8 41. Rxd8+ Kg7 42. c4 Nf2+ 43. Kg2 Ne4 $14) 34... Kg7 $2 {It is much
easier to award points for precise play after the game and thorough analyses.
Objectively the most promising continuation was probably to move with the
knight to the f4-square.} (34... Nf4 35. Bb3 Kg7 36. Rd1 Rd7 37. Ba4 Rd8 38. d7
Ra2 39. Bb3 Rxd7 $1 $17) (34... Nxg5 35. h4 Rb5 $1 36. Bc6 Ne6 37. d7 Nd8 (
37... Rb8 38. Rxf7 Nd8 39. Rf8+ Kg7 40. R1f7+ Kh6 41. Re7 $16) 38. Bxb5 axb5
39. Rd6 (39. Rxf7 Nxf7 40. Rxf7 Ra8 41. Re7 Kf8 42. Rxh7 Rd8 $11) 39... Kf8 40.
Rd5 $14) 35. Rxe6 (35. Bxe6 fxe6 36. R1f2 (36. c4 Rc2 $1) 36... Rd7 37. Rxe6
Rb6 38. Rd2 e4 $11) 35... fxe6 36. Bxe6 Rb6 $6 {Another tiny step in the wrong
direction. It seems that the draw could be had after the brave capture of the
c2-pawn.} (36... Rxc2 $1 37. d7 Ra8 38. Rf7+ Kh8 39. Re7 Rf2 $11) 37. d7 Ra8
38. Rf7+ Kg8 (38... Kh8 39. Re7 $1 (39. Bd5 Rd8 40. Re7 Rd6 41. Re8+ Kg7 42.
Rxd8 Rxd5 43. c4 Rd1+ 44. Kg2 Kf7 45. Rh8 Rxd7 46. Rxh7+ Ke6 47. Rxd7 Kxd7 48.
h4 a5 49. h5 a4 50. h6 $16) 39... Rf8 40. Re8 Rb8 41. Rxb8 Rxb8 42. c4 e4 43.
c5 e3 44. Kg2 $18) 39. Re7+ (39. Ba2 Rb2 40. Bd5 Rd8 41. Re7+ (41. c4 Rd2 42.
Re7+ Kf8 43. Rxh7 a5 $11) 41... Kf8 42. Rxh7 e4 $14) 39... Rxe6 $2 {The well
known maxim about lasting pressure leading to cracks even in grandmaster
defence was proven again. The defender is fending off the unpleasant pressure,
but his position becomes hopeless.} (39... Kf8 40. Rf7+ Kg8) 40. Rxe6 Kf7 41.
Rxa6 Rd8 42. Rd6 $18 Ke7 43. Rd1 Rxd7 (43... e4 44. Kg2 e3) 44. Rxd7+ Kxd7 45.
Kg2 $18 {The pawn ending is won for White, who benefits from the outside
passed pawn on c2.} Ke6 (45... e4 46. Kg3 Ke6 47. Kf4 Kd5 48. c3 $18) 46. Kf3
Kf5 47. h4 e4+ 48. Ke3 Ke5 49. c4 Kf5 50. c5 Ke5 51. c6 Kd6 52. Kxe4 Kxc6 53.
Ke5 1-0

[Event "RUS-chT 11th"]
[Site "Sochi"]
[Date "2004.04.22"]
[Round "3.2"]
[White "Dolmatov, Sergey"]
[Black "Geller, Jakov"]
[Result "1-0"]
[WhiteElo "2573"]
[BlackElo "2489"]
[Annotator "Ftacnik,L"]
[PlyCount "61"]
[EventDate "2004.04.20"]
[EventType "team-tourn"]
[EventRounds "9"]
[EventCountry "RUS"]
[SourceTitle "EXT 2020"]
[Source "ChessBase"]
[SourceDate "2019.10.17"]
[SourceVersion "1"]
[SourceVersionDate "2019.10.17"]
[SourceQuality "1"]
[WhiteTeam "Samara Termosteps"]
[BlackTeam "Togliatti Lada"]
[WhiteTeamCountry "RUS"]
[BlackTeamCountry "RUS"]

1. e4 c5 2. Nf3 e6 3. d4 cxd4 4. Nxd4 Nc6 5. Nc3 Qc7 6. Be2 a6 7. O-O Nf6 8.
Be3 Be7 9. f4 d6 10. a4 O-O 11. Kh1 Re8 12. Qd2 Bf8 13. Rad1 Rb8 14. Qe1 b6 15.
Qf2 (15. Nxc6 Qxc6 16. e5 Nd7 17. exd6 Bxd6 18. Bf3 Qc7 19. Ne4 Be7 20. Bd4 Bb7
21. Qg3 f6 22. c3 Bd5 23. Rfe1 Kh8 24. Bh5 {1-0 Sznapik,A-Ftacnik,L/Dubai 1986/
(27)}) 15... Nd7 16. e5 $1 {The key move in the position, black is not yet
fully coordinated and f file could become very vulnerable.} Nxd4 (16... dxe5
17. Nxc6 Qxc6 18. fxe5 Nxe5 19. Bh5 Rb7 20. Bf4 Nc4 21. Bg3 g6 22. Bf3 $16) 17.
Bxd4 Bb7 (17... dxe5 18. fxe5 Re7 (18... Nc5 $2 19. b4 $18) 19. Qe3 Bb7 20. Rd2
$14) 18. exd6 Bxd6 19. Bxg7 $1 {[%mdl 16] Spirited exchange of material,
black's pawn shelter is demaged forever.} Kxg7 (19... Bc5 $2 20. Qg3 $18) 20.
Qd4+ Be5 (20... Nf6 21. Qxd6 Qxd6 22. Rxd6 Red8 23. Rfd1 $16) 21. fxe5 Nxe5 (
21... Re7 22. Bd3 Qxe5 23. Qh4 Nf6 24. Rde1 $18) 22. Ne4 Bxe4 (22... Red8 23.
Nd6 f6 24. Qh4 Qe7 25. Nxb7 Rxd1 26. Rxd1 Qxb7 (26... Rxb7 27. Bxa6) 27. Rd6
$16) 23. Qxe4 b5 (23... a5 24. Bb5 Red8 25. Rde1 $16) 24. axb5 axb5 25. Qf4 f5
26. Rd3 $1 Re7 $2 {An instructive mistake, since black queen will have very
short diagonal for support of the e5 pawn.} (26... Rb7 27. Rc3 Qb8 28. Re3 Ng6
29. Qb4 $16) 27. Rc3 $1 Nc4 (27... Qd6 28. Rd1 $18) 28. Qxc7 Rxc7 29. b3 $18
Kf6 30. bxc4 bxc4 31. Rxc4 1-0